Conservation of historic buildings and their contents (Record no. 103233)
[ view plain ]
| 000 -LEADER | |
|---|---|
| fixed length control field | 02049cam a2200433 4500 |
| 008 - FIXED-LENGTH DATA ELEMENTS--GENERAL INFORMATION | |
| fixed length control field | 031125n2003 000 0 eng u |
| 020 ## - INTERNATIONAL STANDARD BOOK NUMBER | |
| International Standard Book Number | 1873394632 |
| 035 ## - SYSTEM CONTROL NUMBER | |
| System control number | (Sirsi) u124455 |
| 041 ## - LANGUAGE CODE | |
| Language code of text/sound track or separate title | eng |
| 050 ## - LIBRARY OF CONGRESS CALL NUMBER | |
| Classification number | 690.241 |
| -- | 18 |
| 245 ## - TITLE STATEMENT | |
| Title | Conservation of historic buildings and their contents |
| Remainder of title | addressing the conflicts |
| 260 ## - PUBLICATION, DISTRIBUTION, ETC. | |
| Place of publication, distribution, etc. | Shaftesbury |
| Name of publisher, distributor, etc. | Donhead |
| Date of publication, distribution, etc. | 2003 |
| 300 ## - PHYSICAL DESCRIPTION | |
| Extent | 125p. |
| Dimensions | 25cm |
| 350 ## - PRICE (NR) (BK AM CF MU VM SE) [OBSOLETE] | |
| Price | 20 |
| 505 ## - FORMATTED CONTENTS NOTE | |
| Formatted contents note | Where does conservation meet conservation |
| 505 ## - FORMATTED CONTENTS NOTE | |
| Formatted contents note | Movable: immovable - a historic distinction and its consequences |
| 505 ## - FORMATTED CONTENTS NOTE | |
| Formatted contents note | Beyond the divide: experiences from Scottish conservation |
| 505 ## - FORMATTED CONTENTS NOTE | |
| Formatted contents note | Places and stuff: is it only the language of conservation that is changing |
| 505 ## - FORMATTED CONTENTS NOTE | |
| Formatted contents note | Working buildings: the effect of building use on the conservation of wall paintings and polychrome surfaces |
| 505 ## - FORMATTED CONTENTS NOTE | |
| Formatted contents note | When conservator meets architect and engineer |
| 505 ## - FORMATTED CONTENTS NOTE | |
| Formatted contents note | Conserving Cardiff Castle: planning for success |
| 505 ## - FORMATTED CONTENTS NOTE | |
| Formatted contents note | Management of the historic environment: the broad nature of the process |
| 520 ## - SUMMARY, ETC. | |
| Summary, etc. | Proceedings taken from the conference, "Where conservation meets conservation", held at De Montfort University, Leicester, 9 September 2002. The conference explored the interface between historic buildings and their contents by recognising the interrelationships between architectural and object conservation. The conference also considered the role of conservation science and technology in achieving appropriate and sustainable solutions. |
| 650 ## - SUBJECT ADDED ENTRY--TOPICAL TERM | |
| Topical term or geographic name entry element | HISTORIC BUILDINGS |
| 650 ## - SUBJECT ADDED ENTRY--TOPICAL TERM | |
| Topical term or geographic name entry element | HISTORIC ENVIRONMENT |
| 650 ## - SUBJECT ADDED ENTRY--TOPICAL TERM | |
| Topical term or geographic name entry element | CONSERVATION |
| 690 ## - LOCAL SUBJECT ADDED ENTRY--TOPICAL TERM (OCLC, RLIN) | |
| Topical term or geographic name as entry element | BUILT ENVIRONMENT-BUILDING MAINTENANCE AND REFURBISHMENT-BUILDING CONSERVATION |
| 700 ## - ADDED ENTRY--PERSONAL NAME | |
| Personal name | Watt, David S. |
| International Standard Serial Number | Editor |
| 700 ## - ADDED ENTRY--PERSONAL NAME | |
| Personal name | Colston, Belinda |
| International Standard Serial Number | Editor |
| 700 ## - ADDED ENTRY--PERSONAL NAME | |
| Personal name | Stanley-Price, Nicholas |
| 700 ## - ADDED ENTRY--PERSONAL NAME | |
| Personal name | Brown, Carol |
| 700 ## - ADDED ENTRY--PERSONAL NAME | |
| Personal name | Curteis, Tobit |
| 700 ## - ADDED ENTRY--PERSONAL NAME | |
| Personal name | Cassar, May |
| 700 ## - ADDED ENTRY--PERSONAL NAME | |
| Personal name | Staniforth, Sarah |
| 700 ## - ADDED ENTRY--PERSONAL NAME | |
| Personal name | Lithgow, Katy |
| 700 ## - ADDED ENTRY--PERSONAL NAME | |
| Personal name | Edwards, John |
| 700 ## - ADDED ENTRY--PERSONAL NAME | |
| Personal name | Hankey, Donald |
| 942 ## - ADDED ENTRY ELEMENTS (KOHA) | |
| Suppress in OPAC | 0 |
| Withdrawn status | Lost status | Source of classification or shelving scheme | Damaged status | Not for loan | Home library | Current library | Shelving location | Date acquired | Cost, normal purchase price | Total Checkouts | Full call number | Barcode | Date last seen | Date last checked out | Copy number | Cost, replacement price | Price effective from | Koha item type |
|---|---|---|---|---|---|---|---|---|---|---|---|---|---|---|---|---|---|---|
| Other/Generic Classification Scheme | London | London | Books | 19/01/2004 | 17.00 | 21 | 690.241 WAT | 30068989 | 06/08/2019 | 18/01/2010 | 1 | 17.00 | 06/08/2019 | Book |